| 000 | 00404ntaaa2200169 4500 | ||
|---|---|---|---|
| 003 | 01 | ||
| 005 | 20251027201953.0 | ||
| 008 | 0714s1973 ag 01 | ||
| 040 |
_aAR-BaBN _bspa _cAR-BaBN _eaacr _dRIC |
||
| 082 | _a254.2000 L41 | ||
| 100 |
_aLawson, John _910137 |
||
| 245 | _aGreen and pleasant land | ||
| 250 |
_a1 ed. : _bSCM Press, _cc/955 |
||
| 300 | _a127 p. | ||
| 650 | _aIglesia Rural | ||
| 942 | _cBK | ||
| 999 |
_c14470 _d14470 |
||